<?xml version="1.0" encoding="UTF-8"?>
<record
    xmlns:xsi="http://www.w3.org/2001/XMLSchema-instance"
    xsi:schemaLocation="http://www.loc.gov/MARC21/slim http://www.loc.gov/standards/marcxml/schema/MARC21slim.xsd"
    xmlns="http://www.loc.gov/MARC21/slim">

  <leader>01338nam a2200145   4500</leader>
  <controlfield tag="008">708 F444f</controlfield>
  <datafield tag="082" ind1=" " ind2=" ">
    <subfield code="a">708</subfield>
    <subfield code="b">F4444f</subfield>
  </datafield>
  <datafield tag="100" ind1=" " ind2=" ">
    <subfield code="a">Vel&#xE1;zquez Torres, Mireida</subfield>
    <subfield code="9">7201</subfield>
  </datafield>
  <datafield tag="110" ind1=" " ind2=" ">
    <subfield code="a">Vel&#xE1;squez Garc&#xED;a, Erick</subfield>
    <subfield code="9">7202</subfield>
  </datafield>
  <datafield tag="245" ind1=" " ind2=" ">
    <subfield code="a">Ficci&#xF3;n y tiempo</subfield>
  </datafield>
  <datafield tag="260" ind1=" " ind2=" ">
    <subfield code="a">M&#xE9;xico</subfield>
    <subfield code="b">Centro Cultural Universitario Tlatelolco</subfield>
    <subfield code="c">2019</subfield>
  </datafield>
  <datafield tag="300" ind1=" " ind2=" ">
    <subfield code="a">142 p.</subfield>
    <subfield code="b">il. (col)</subfield>
    <subfield code="c">23 x 16 cm</subfield>
  </datafield>
  <datafield tag="505" ind1=" " ind2=" ">
    <subfield code="t">Presentaci&#xF3;n </subfield>
    <subfield code="r">Mireida Vel&#xE1;squez, Erick Vel&#xE1;squez Garc&#xED;a </subfield>
    <subfield code="t">Play - Pause - Rewind - Record - Forward - Play Again. De discurrir el espacio en clave electr&#xF3;nica (pero en off)</subfield>
    <subfield code="r">Julio Garc&#xED;a Murillo</subfield>
    <subfield code="t">Memoria reconstruida / Futuro incierto. La ficci&#xF3;n y su potencial cr&#xED;tico </subfield>
    <subfield code="r">Josefa Ortega</subfield>
    <subfield code="t">Entre anhelos nost&#xE1;lgicos e indicios del presente </subfield>
    <subfield code="r">Andrea Villers, Catalina P&#xE9;rez, Getseman&#xED; Guevara, Jaime Gonz&#xE1;lez y Luis Daniel P&#xE9;rez</subfield>
    <subfield code="t">Mensaje a la sociedad mexicana</subfield>
    <subfield code="r">Operaci&#xF3;n Hormiga</subfield>
    <subfield code="t">Buscar las respuestas que la realidad no da</subfield>
    <subfield code="r">Di&#xE1;logo con Ver&#xF3;nica Berger Bicecci y N&#xE9;stor Garc&#xED;a Canclini</subfield>
    <subfield code="t">El pasado nunca se muere, ni siquiera es pasado</subfield>
    <subfield code="r">Lagartijas tiradas al sol</subfield>
    <subfield code="t">s&#xE0;rta aicah raminaC. Pr&#xE1;ctica del pensamiento f&#xED;sico </subfield>
    <subfield code="r">Colectivo AM</subfield>
    <subfield code="t">Registro de la exhibici&#xF3;n </subfield>
    <subfield code="t">Lista de obra</subfield>
    <subfield code="t">Agradecimientos</subfield>
  </datafield>
  <datafield tag="650" ind1=" " ind2=" ">
    <subfield code="x">arte contempor&#xE1;neo</subfield>
    <subfield code="x">arte - exhibiciones</subfield>
    <subfield code="x">arte - tiempo - exhibiciones</subfield>
    <subfield code="x">memoria en el arte</subfield>
    <subfield code="x">teor&#xED;a de las ficciones</subfield>
    <subfield code="x">utop&#xED;as en el arte</subfield>
    <subfield code="9">7203</subfield>
  </datafield>
  <datafield tag="999" ind1=" " ind2=" ">
    <subfield code="c">1858</subfield>
    <subfield code="d">1858</subfield>
  </datafield>
  <datafield tag="952" ind1=" " ind2=" ">
    <subfield code="0">0</subfield>
    <subfield code="1">0</subfield>
    <subfield code="2">ddc</subfield>
    <subfield code="4">0</subfield>
    <subfield code="7">0</subfield>
    <subfield code="a">LV</subfield>
    <subfield code="b">LV</subfield>
    <subfield code="c">Colectivas</subfield>
    <subfield code="d">2019-10-03</subfield>
    <subfield code="l">0</subfield>
    <subfield code="o">708 F4444f</subfield>
    <subfield code="p">003071</subfield>
    <subfield code="r">2019-10-03 00:00:00</subfield>
    <subfield code="w">2019-10-03</subfield>
    <subfield code="y">01</subfield>
  </datafield>
</record>
